[Event "XIV Festival A"]
[Site "Trieste ITA"]
[Date "2012.09.04"]
[Round "5"]
[White "Iasman, Inna"]
[Black "Laco, Giuseppe"]
[WhiteElo "2002"]
[BlackElo "2085"]
[Result "1/2-1/2"]
[PlyCount "100"]
[EventDate "2012.09.01"]

1. d4 g6 2. c4 Bg7 3. Nc3 c5 4. e3 f5 5. g3 Nh6 6. Bg2 cxd4 7. exd4 Nf7 8. Nf3
O-O 9. O-O d6 10. Re1 Nc6 11. Be3 Bd7 12. Rc1 Qa5 13. a3 Rad8 14. Nb5 d5 15. b4
Qa6 16. cxd5 Qxb5 17. dxc6 Bxc6 18. Rc5 Qa6 19. Ra5 Qc4 20. Rxa7 e5 21. Nd2 Qa2
22. Bxc6 bxc6 23. dxe5 Nxe5 24. Re2 Rd3 25. Ra5 Rfd8 26. Rxe5 Bxe5 27. Bg5 R8d5
28. Qe1 Qa1 29. Qxa1 Bxa1 30. Re8+ Kg7 31. Re7+ Kf8 32. Nc4 Rd7 33. Re6 Rd1+
34. Kg2 Rc7 35. Nd6 Rxd6 36. Rxd6 Bb2 37. Bd8 Rc8 38. a4 Be5 39. Rd3 Rb8 40.
Ba5 Ke7 41. f4 Bd6 42. Rd4 Ke6 43. Kf3 c5 44. bxc5 Bxc5 45. Rd3 Rb2 46. Bd2 Ra2
47. a5 h5 48. h3 Ra1 49. Be3 Rxa5 50. Bxc5 Rxc5 1/2-1/2

[Event "XIV Festival A"]
[Site "Trieste ITA"]
[Date "2012.09.04"]
[Round "5"]
[White "Jovic, Stanoje"]
[Black "Erdos, Viktor"]
[WhiteElo "2338"]
[BlackElo "2643"]
[Result "0-1"]
[PlyCount "82"]
[EventDate "2012.09.01"]

1. c4 g6 2. g3 Bg7 3. Bg2 c5 4. Nf3 Nc6 5. Nc3 d6 6. O-O e6 7. e3 Nge7 8. d4
O-O 9. d5 Na5 10. Nd2 Rb8 11. Qc2 exd5 12. Nxd5 Nxd5 13. Bxd5 Bf5 14. Be4 Be6
15. Bd5 Bf5 16. Be4 Bxe4 17. Nxe4 Nxc4 18. Qxc4 d5 19. Nf6+ Qxf6 20. Qxc5 Qa6
21. a4 b5 22. Qxd5 Rfd8 23. Qa2 b4 24. b3 Bxa1 25. Qxa1 f6 26. Bb2 Kf7 27. Bd4
Rbc8 28. Qb1 Qb7 29. h4 a6 30. Qb2 Rd6 31. Qd2 Rc3 32. Rb1 Qe4 33. Qe1 Rc7 34.
Ra1 Rdc6 35. Rd1 Qf3 36. Ra1 Qe4 37. Rd1 Rc2 38. Qxb4 Qf3 39. Qe1 Rxf2 40. Qxf2
Qxd1+ 41. Qf1 Qxf1+ 0-1

[Event "XIV Festival A"]
[Site "Trieste ITA"]
[Date "2012.09.04"]
[Round "5"]
[White "Leroy, Didier"]
[Black "Bosiocic, Marin"]
[WhiteElo "2285"]
[BlackElo "2577"]
[Result "0-1"]
[PlyCount "102"]
[EventDate "2012.09.01"]

1. d4 Nf6 2. c4 g6 3. Nc3 d5 4. e3 e6 5. Nf3 Bg7 6. Bd3 O-O 7. O-O Nc6 8. a3 a5
9. h3 Ne7 10. Qe2 Nf5 11. Rd1 Bd7 12. Rb1 Nd6 13. Ne5 Be8 14. Bd2 a4 15. Be1 b6
16. Qf3 c6 17. e4 dxe4 18. Nxe4 Nfxe4 19. Bxe4 Nxe4 20. Qxe4 Qc8 21. c5 b5 22.
f3 f6 23. Nd3 g5 24. Qe3 Bg6 25. h4 gxh4 26. Bxh4 e5 27. Rd2 Qf5 28. dxe5 fxe5
29. Re1 Rae8 30. Nf2 Qh5 31. Qg5 Qxg5 32. Bxg5 e4 33. Nxe4 h6 34. Bh4 Bxe4 35.
fxe4 Rf4 36. Bf2 Rfxe4 37. Rxe4 Rxe4 38. Rd6 Bxb2 39. Rxc6 Bxa3 40. Rb6 b4 41.
c6 Rc4 42. Bg3 b3 43. Rb8+ Kf7 44. c7 b2 45. Be5 Ke6 46. Bxb2 Bxb2 47. Rxb2 Kd7
48. Rb6 h5 49. g3 Kxc7 50. Rh6 a3 51. Rxh5 a2 0-1

[Event "XIV Festival A"]
[Site "Trieste ITA"]
[Date "2012.09.04"]
[Round "5"]
[White "Litrico, Paolo"]
[Black "Vesce, Emanuele"]
[WhiteElo "1976"]
[BlackElo "1903"]
[Result "1-0"]
[PlyCount "85"]
[EventDate "2012.09.01"]

1. d4 Nf6 2. Nf3 g6 3. Nc3 d5 4. Bf4 Bg7 5. e3 O-O 6. Be2 c5 7. Ne5 Nc6 8. O-O
cxd4 9. exd4 Bf5 10. Nxc6 bxc6 11. Na4 Nd7 12. c3 f6 13. Ba6 e5 14. Be3 Rb8 15.
b4 Be6 16. Qe2 f5 17. dxe5 f4 18. Bd4 f3 19. Qe3 Qh4 20. Rfe1 Rb5 21. Qd3 fxg2
22. Qg3 Qh5 23. f4 Bh6 24. Be3 Nxe5 25. Bxb5 cxb5 26. Nc5 Nf3+ 27. Kxg2 Nxe1+
28. Rxe1 Bf5 29. Bd2 Kh8 30. Re7 Qd1 31. Qf2 Qg4+ 32. Kh1 Bc2 33. Qd4+ Kg8 34.
Qxd5+ Kh8 35. Qe5+ Kg8 36. Qe6+ Qxe6 37. Nxe6 Rf6 38. Be3 Bb1 39. Bd4 Rf5 40.
Rxa7 Be4+ 41. Kg1 Bxf4 42. Rg7+ Kh8 43. Nxf4 1-0

[Event "XIV Festival A"]
[Site "Trieste ITA"]
[Date "2012.09.04"]
[Round "5"]
[White "Mazet, Julien"]
[Black "David, Alberto"]
[WhiteElo "2128"]
[BlackElo "2599"]
[Result "0-1"]
[PlyCount "128"]
[EventDate "2012.09.01"]

1. d4 e6 2. c4 b6 3. Nc3 Bb7 4. a3 f5 5. Nf3 Nf6 6. d5 Bd6 7. g3 Na6 8. Bg2 O-O
9. O-O Nc5 10. Nd4 a5 11. b3 Nfe4 12. Nxe4 fxe4 13. dxe6 dxe6 14. Be3 Be5 15.
Ra2 Bxd4 16. Bxd4 Nxb3 17. Be5 Qxd1 18. Rxd1 Rf7 19. Bh3 Re7 20. Rc2 Bc6 21.
Rc3 a4 22. Kf1 Kf7 23. Ke1 Ra5 24. Bf4 Ke8 25. Bg2 h6 26. h4 Rd7 27. Rxd7 Kxd7
28. Be3 e5 29. Rc2 Ke7 30. Rc3 Ra8 31. Rc2 Kf6 32. Rc3 g5 33. hxg5+ hxg5 34.
Rc2 g4 35. Rc3 Kf5 36. Rc2 Rd8 37. Rc3 Rh8 38. Rc2 Rh2 39. Kf1 Rh7 40. Ke1 Rd7
41. Rc3 Rd8 42. Rc2 Be8 43. Bf1 Bf7 44. Bg2 Na5 45. c5 b5 46. Bd2 Nc4 47. Bb4
Bd5 48. e3 Rh8 49. Kf1 Bf7 50. Ke1 Be6 51. Kf1 c6 52. Ke1 Rh7 53. Kf1 Rd7 54.
Ke1 Rd3 55. Bf1 Rb3 56. Bxc4 Bxc4 57. Kd2 Bd3 58. Ra2 Ke6 59. Kc1 Rb1+ 60. Kd2
Kd5 61. Kc3 Rb3+ 62. Kd2 Kc4 63. Kc1 Rb1+ 64. Kd2 Kb3 0-1

[Event "XIV Festival A"]
[Site "Trieste ITA"]
[Date "2012.09.04"]
[Round "5"]
[White "Mazi, Leon"]
[Black "Bisi, Samuele"]
[WhiteElo "2356"]
[BlackElo "2050"]
[Result "1-0"]
[PlyCount "91"]
[EventDate "2012.09.01"]

1. e4 e5 2. Nf3 Nc6 3. Bb5 a6 4. Bxc6 dxc6 5. O-O Ne7 6. Nxe5 Qd4 7. Qh5 g6 8.
Nf3 Qxe4 9. d3 Qf5 10. Qh4 Bg7 11. Re1 Be6 12. Nc3 Qg4 13. Bg5 Qxh4 14. Bxh4
Nf5 15. Bg5 h6 16. Bf4 O-O-O 17. Be5 Bxe5 18. Rxe5 Bd5 19. Nxd5 Rxd5 20. Re4
Rdd8 21. Rae1 Nd6 22. R4e2 Rde8 23. Ne5 Re6 24. Nxf7 Rxe2 25. Nxd6+ cxd6 26.
Rxe2 Kd7 27. f3 Rf8 28. Kf2 Rf5 29. Re4 Rc5 30. c3 Ra5 31. a3 Rf5 32. Ke3 Rh5
33. h4 d5 34. Rb4 b5 35. Rg4 Re5+ 36. Kd4 Re6 37. Kc5 a5 38. b4 a4 39. c4 dxc4
40. dxc4 Re5+ 41. Kd4 Re6 42. Re4 Rd6+ 43. Kc5 Rd3 44. Rd4+ Rxd4 45. Kxd4 Kd6
46. cxb5 1-0

[Event "XIV Festival A"]
[Site "Trieste ITA"]
[Date "2012.09.04"]
[Round "5"]
[White "Movileanu, Daniela"]
[Black "Suc, Timothy"]
[WhiteElo "1993"]
[BlackElo "2135"]
[Result "1/2-1/2"]
[PlyCount "104"]
[EventDate "2012.09.01"]

1. e4 e5 2. Nf3 Nc6 3. d4 exd4 4. Bc4 Nf6 5. O-O Nxe4 6. Re1 d5 7. Bxd5 Qxd5 8.
Nc3 Qh5 9. Nxe4 Be6 10. Nxd4 Qxd1 11. Rxd1 Nxd4 12. Rxd4 Be7 13. Bf4 O-O 14. c3
Rac8 15. Ng5 Bf5 16. Rd5 g6 17. Re1 Bf6 18. h3 h6 19. Ne4 Bg7 20. g4 Be6 21.
Ra5 Rfe8 22. Rc5 Bxa2 23. Rxc7 Rcd8 24. Kf1 Re6 25. Nd2 Rb6 26. b4 Rc6 27. Rxc6
bxc6 28. Ra1 Bd5 29. Rxa7 Bxc3 30. Bxh6 Bxb4 31. Ke2 Bc5 32. Rc7 Ra8 33. Be3
Bd6 34. Rd7 Be5 35. f4 Bf6 36. Bc5 Ra1 37. g5 Bg7 38. Nf3 Rh1 39. h4 Rc1 40.
Bd4 Be6 41. Rd8+ Kh7 42. Bxg7 Kxg7 43. Ne5 c5 44. Rd6 Rh1 45. Nf3 c4 46. Rc6
Rh3 47. Nd4 Bg4+ 48. Ke1 Re3+ 49. Kf2 Rc3 50. Rc5 Rc1 51. Kg3 Rg1+ 52. Kf2 Rc1
1/2-1/2

[Event "XIV Festival A"]
[Site "Trieste ITA"]
[Date "2012.09.04"]
[Round "5"]
[White "Oparin, Grigoriy"]
[Black "Matijevic, Filip"]
[WhiteElo "2490"]
[BlackElo "2132"]
[Result "1-0"]
[PlyCount "91"]
[EventDate "2012.09.01"]

1. e4 e5 2. Nf3 Nc6 3. Bb5 Nf6 4. d3 d6 5. O-O Be7 6. c3 O-O 7. Nbd2 Bd7 8. Re1
Re8 9. Nf1 h6 10. Ng3 Bf8 11. Ba4 Ne7 12. Bb3 Ng6 13. d4 c5 14. h3 Qc7 15. d5
Nf4 16. Nh2 c4 17. Bc2 b5 18. Qf3 g5 19. Ng4 Nxg4 20. hxg4 a5 21. Nf5 b4 22. g3
Nd3 23. Bxd3 cxd3 24. Qxd3 bxc3 25. bxc3 Rec8 26. Bd2 Qc4 27. Qxc4 Rxc4 28. f3
Bxf5 29. gxf5 Be7 30. g4 Ra4 31. Reb1 Bd8 32. Kf2 Bc7 33. Rb7 Bb8 34. Be3 Ra3
35. Rab1 Rxa2+ 36. Kg3 a4 37. Rxb8+ Rxb8 38. Rxb8+ Kg7 39. Ra8 Ra1 40. c4 a3
41. c5 dxc5 42. d6 a2 43. Bxc5 Kf6 44. d7 Rd1 45. Rxa2 Rxd7 46. Bf8 1-0

[Event "XIV Festival A"]
[Site "Trieste ITA"]
[Date "2012.09.04"]
[Round "5"]
[White "Tesic, Dragan"]
[Black "Capaliku, Aleks"]
[WhiteElo "2348"]
[BlackElo "2114"]
[Result "1/2-1/2"]
[PlyCount "124"]
[EventDate "2012.09.01"]

1. d4 f5 2. g3 Nf6 3. Bg2 e6 4. Nf3 c5 5. O-O Nc6 6. c4 d6 7. Nc3 cxd4 8. Nxd4
Nxd4 9. Qxd4 Be7 10. Rd1 a6 11. Be3 O-O 12. Qb6 Qxb6 13. Bxb6 Bd7 14. Bc7 Ne8
15. Bxd6 Bxd6 16. c5 Bxc5 17. Rxd7 Rf7 18. Rad1 Nf6 19. Rxb7 Rxb7 20. Bxb7 Rb8
21. Bxa6 Rxb2 22. Na4 Rc2 23. Bd3 Bxf2+ 24. Kxf2 Ng4+ 25. Kg1 Rxa2 26. Nc5 Ne3
27. Rb1 e5 28. h3 e4 29. Bb5 Rc2 30. Ne6 Kf7 31. Nd4 Rd2 32. Nb3 Rd5 33. Na5
Kf6 34. Rb3 Nc2 35. Nc6 g5 36. Ba4 Rd1+ 37. Kh2 Rd2 38. Bb5 f4 39. Kg2 Ne3+ 40.
Kf2 Rd1 41. Rxe3 fxe3+ 42. Kxe3 Rh1 43. Kxe4 Rxh3 44. Kf3 Rh1 45. Bc4 h5 46. e4
Re1 47. Bd5 g4+ 48. Kf2 Rc1 49. Nd4 Ke5 50. Ne2 Rc7 51. Nf4 Rh7 52. Ke3 Kf6 53.
Be6 h4 54. Bxg4 hxg3 55. Kf3 Ke5 56. Ng6+ Kf6 57. Nf4 Ke5 58. Bf5 Rg7 59. Ng6+
Kf6 60. Nh4 Ke5 61. Ng2 Rg5 62. Ne3 g2 1/2-1/2

[Event "XIV Festival A"]
[Site "Trieste ITA"]
[Date "2012.09.04"]
[Round "5"]
[White "Tonel, Giulia"]
[Black "Franca, Veronika"]
[WhiteElo "1975"]
[BlackElo "1952"]
[Result "1-0"]
[PlyCount "79"]
[EventDate "2012.09.01"]

1. d4 Nf6 2. c4 e6 3. Nc3 Bb4 4. e3 O-O 5. Nf3 c5 6. Bd3 d5 7. O-O Nc6 8. a3
Bxc3 9. bxc3 b6 10. Rb1 Ba6 11. cxd5 Bxd3 12. Qxd3 exd5 13. Ng5 h6 14. Nh3 c4
15. Qc2 Na5 16. f3 Nb3 17. e4 Nxc1 18. Rbxc1 Qe7 19. e5 Ne8 20. a4 Nc7 21. f4
f5 22. Nf2 Qd7 23. Nd1 h5 24. Rf3 g6 25. Ne3 Ne6 26. Rcf1 Rf7 27. h3 h4 28. Qf2
Rh7 29. g4 Ng7 30. Kh2 Rd8 31. Rg1 Kf7 32. Qc2 Rg8 33. Rf2 Rhh8 34. Rfg2 Qe6
35. Qf2 Qc6 36. Qf3 Rd8 37. gxf5 Nxf5 38. Rxg6 Qxg6 39. Rxg6 Kxg6 40. Qg4+ 1-0

[Event "XIV Festival A"]
[Site "Trieste ITA"]
[Date "2012.09.05"]
[Round "6"]
[White "Ashiku, Franc"]
[Black "Boscolo, Federico"]
[WhiteElo "2159"]
[BlackElo "2330"]
[Result "1-0"]
[PlyCount "55"]
[EventDate "2012.09.01"]

1. e4 c5 2. Nf3 d6 3. d4 cxd4 4. Qxd4 Nc6 5. Bb5 Bd7 6. Bxc6 Bxc6 7. Nc3 Nf6 8.
Bg5 e6 9. O-O-O Be7 10. Rhe1 O-O 11. Kb1 Qa5 12. Qd2 Qc7 13. Nd4 Rab8 14. Ndb5
Bxb5 15. Nxb5 Qc5 16. Nxd6 Bxd6 17. Bxf6 gxf6 18. Qxd6 Qxf2 19. Rf1 Qh4 20. Qe7
Qxe4 21. Qxf6 Qg6 22. Qd4 Qg7 23. Rf6 Rbc8 24. b3 Rc6 25. Rdf1 Rfc8 26. R1f3
Kh8 27. Rg3 e5 28. Rxc6 1-0

[Event "XIV Festival A"]
[Site "Trieste ITA"]
[Date "2012.09.05"]
[Round "6"]
[White "Beletic, Daniel"]
[Black "Tesic, Dragan"]
[WhiteElo "2230"]
[BlackElo "2348"]
[Result "1/2-1/2"]
[PlyCount "61"]
[EventDate "2012.09.01"]

1. Nf3 Nf6 2. c4 c5 3. d4 cxd4 4. Nxd4 e5 5. Nb5 d5 6. cxd5 Qa5+ 7. N5c3 b5 8.
Nd2 b4 9. Nce4 Nxe4 10. Nxe4 Bb7 11. g3 Qxd5 12. Qxd5 Bxd5 13. Bg2 Nd7 14. Nd6+
Bxd6 15. Bxd5 Rc8 16. Be3 Nb6 17. Bxb6 axb6 18. Bb3 Ke7 19. e3 e4 20. Ke2 Be5
21. Rhd1 Bxb2 22. Rab1 Bc3 23. Rd5 Rhd8 24. Rxd8 Rxd8 25. Rd1 Ra8 26. Rd5 Ra5
27. g4 h6 28. Rxa5 bxa5 29. Bd5 g5 30. Bxe4 Kd6 31. Kd3 1/2-1/2

[Event "XIV Festival A"]
[Site "Trieste ITA"]
[Date "2012.09.05"]
[Round "6"]
[White "Bergez, Luc"]
[Black "Drazic, Sinisa"]
[WhiteElo "2406"]
[BlackElo "2511"]
[Result "0-1"]
[PlyCount "94"]
[EventDate "2012.09.01"]

1. e4 e5 2. Nf3 Nc6 3. Bc4 Nf6 4. d3 h6 5. c3 d6 6. Nbd2 a6 7. Bb3 g6 8. Nf1
Bg7 9. Ng3 Qe7 10. O-O O-O 11. a4 Kh8 12. Ne1 Nh7 13. f4 exf4 14. Bxf4 h5 15.
Nc2 h4 16. Nh1 f5 17. Ne3 fxe4 18. Nd5 Qd8 19. dxe4 Ne5 20. a5 Be6 21. h3 Rf7
22. Nf2 Qg8 23. Be3 Raf8 24. Bc2 g5 25. Qh5 c6 26. Nb6 Rf6 27. Bxg5 Bf7 28.
Qxh4 Rg6 29. Nd7 Rxg5 30. Nxe5 Bxe5 31. Ng4 Bc4 32. Rxf8 Qxf8 33. Nxe5 dxe5 34.
Rd1 Qf6 35. Qf2 Rg8 36. Qxf6+ Nxf6 37. g4 Kg7 38. Kf2 Kf7 39. Rg1 Ke7 40. Rg3
Be6 41. Bd3 c5 42. Rg1 c4 43. Bc2 Rd8 44. Ke3 Rh8 45. Rg3 Nh7 46. g5 Nf8 47. g6
Nd7 0-1

[Event "XIV Festival A"]
[Site "Trieste ITA"]
[Date "2012.09.05"]
[Round "6"]
[White "Capaliku, Aleks"]
[Black "Leroy, Didier"]
[WhiteElo "2114"]
[BlackElo "2285"]
[Result "0-1"]
[PlyCount "68"]
[EventDate "2012.09.01"]

1. f4 Nf6 2. Nf3 g6 3. b3 Bg7 4. Bb2 O-O 5. e3 d6 6. Be2 c5 7. c4 Nc6 8. O-O a6
9. Nc3 Rb8 10. h3 e5 11. fxe5 dxe5 12. e4 Nh5 13. d3 Ng3 14. Rf2 Nd4 15. Nxd4
cxd4 16. Nd5 f5 17. exf5 gxf5 18. Ba3 Re8 19. Bh5 Re6 20. Qf3 Nxh5 21. Qxh5 Rh6
22. Be7 Qd7 23. Qxh6 Bxh6 24. Nf6+ Kf7 25. Nxd7 Bxd7 26. Bd6 Re8 27. Re2 Be3+
28. Kf1 Ke6 29. Bb4 f4 30. Bd2 e4 31. dxe4 Ke5 32. g3 Bxh3+ 33. Ke1 Rg8 34.
gxf4+ Kxe4 0-1

[Event "XIV Festival A"]
[Site "Trieste ITA"]
[Date "2012.09.05"]
[Round "6"]
[White "David, Alberto"]
[Black "Mazi, Leon"]
[WhiteElo "2599"]
[BlackElo "2356"]
[Result "1-0"]
[PlyCount "73"]
[EventDate "2012.09.01"]

1. d4 d5 2. c4 dxc4 3. Nf3 Nf6 4. e3 e6 5. Bxc4 a6 6. O-O c5 7. Bb3 b5 8. a4 b4
9. e4 cxd4 10. Nbd2 Bb7 11. e5 Nfd7 12. Nc4 Nc5 13. Bg5 Qc7 14. Nxd4 Nxb3 15.
Qxb3 Bd5 16. Rac1 Nd7 17. Ne3 Bxb3 18. Rxc7 Bxa4 19. b3 h6 20. Bh4 Bb5 21. Ra1
Bd3 22. Rd1 g5 23. Nc6 Bb5 24. Bg3 Bxc6 25. Rxc6 Be7 26. Nc4 Nc5 27. Nd6+ Bxd6
28. exd6 Nd7 29. Rc7 Rh7 30. Re1 Kd8 31. h4 a5 32. f3 e5 33. hxg5 hxg5 34. Bxe5
a4 35. bxa4 Rxa4 36. Bd4 Ra6 37. Re8+ 1-0

[Event "XIV Festival A"]
[Site "Trieste ITA"]
[Date "2012.09.05"]
[Round "6"]
[White "Erdos, Viktor"]
[Black "Baklan, Vladimir"]
[WhiteElo "2643"]
[BlackElo "2610"]
[Result "1/2-1/2"]
[PlyCount "45"]
[EventDate "2012.09.01"]

1. d4 Nf6 2. c4 g6 3. Nf3 Bg7 4. g3 O-O 5. Bg2 c6 6. Nc3 d6 7. O-O Bf5 8. Ne1
Be6 9. d5 cxd5 10. cxd5 Bd7 11. Nd3 Na6 12. Be3 Qa5 13. a3 Rfc8 14. b4 Qd8 15.
Rc1 Ng4 16. Bd2 Ne5 17. Nxe5 Bxe5 18. Qb3 Rc7 19. Rc2 Rac8 20. Rfc1 Nb8 21. Be4
Bd4 22. Bd3 Be8 23. e3 1/2-1/2

[Event "XIV Festival A"]
[Site "Trieste ITA"]
[Date "2012.09.05"]
[Round "6"]
[White "Erwich, Frank A.S."]
[Black "Oparin, Grigoriy"]
[WhiteElo "2359"]
[BlackElo "2490"]
[Result "1/2-1/2"]
[PlyCount "81"]
[EventDate "2012.09.01"]

1. c4 e6 2. Nc3 d5 3. d4 Be7 4. cxd5 exd5 5. Qc2 c6 6. Bf4 Nf6 7. h3 g6 8. e3
Bf5 9. Qd2 O-O 10. g4 Be6 11. Bd3 c5 12. Nge2 Nc6 13. O-O Re8 14. dxc5 Bxc5 15.
Nb5 Rc8 16. Rac1 Bb4 17. Qd1 Bd7 18. a3 Bf8 19. Bb1 a6 20. Nbc3 Be6 21. Nd4
Nxd4 22. Qxd4 h5 23. g5 Nd7 24. Nxd5 Bg7 25. Rxc8 Qxc8 26. Qd2 Ne5 27. Bxe5
Bxe5 28. Rc1 Qd8 29. e4 Bxd5 30. exd5 Bd6 31. Rc3 h4 32. Qc1 Bb8 33. Be4 Be5
34. Rc4 b5 35. Rc6 Bxb2 36. Qxb2 Rxe4 37. Qf6 Re1+ 38. Kh2 Qxf6 39. Rxf6 Rd1
40. Rxa6 Rxd5 41. Ra8+ 1/2-1/2

[Event "XIV Festival A"]
[Site "Trieste ITA"]
[Date "2012.09.05"]
[Round "6"]
[White "Ivanovic, Andrej"]
[Black "Srebrnic, Vojko"]
[WhiteElo "2107"]
[BlackElo "2207"]
[Result "0-1"]
[PlyCount "86"]
[EventDate "2012.09.01"]

1. d4 g6 2. c4 Bg7 3. Nc3 c5 4. d5 Bxc3+ 5. bxc3 f5 6. Nf3 Nf6 7. e3 d6 8. Bd3
Nbd7 9. Qe2 Ne5 10. Nxe5 dxe5 11. e4 Qd6 12. exf5 gxf5 13. f3 e4 14. fxe4 fxe4
15. Bxe4 Nxe4 16. Qxe4 O-O 17. Bd2 Bf5 18. Qe3 Bg6 19. Qg3 Qxg3+ 20. hxg3 Bd3
21. Bf4 Bxc4 22. O-O-O Rf5 23. d6 exd6 24. Rxd6 Bxa2 25. Rhd1 Re8 26. Rd7 Rf7
27. Rxf7 Kxf7 28. Rd7+ Re7 29. Rxe7+ Kxe7 30. Bb8 a6 31. Kb2 Bd5 32. Ka3 Kd7
33. Ba7 Kc6 34. Ka4 b6 35. Bb8 h5 36. Bf4 Bxg2 37. Bg5 Bf3 38. Bd8 Bd1+ 39. Ka3
b5 40. Ba5 Kd5 41. Kb2 Kc4 42. Kc1 Bg4 43. Kb2 b4 0-1

[Event "XIV Festival A"]
[Site "Trieste ITA"]
[Date "2012.09.05"]
[Round "6"]
[White "Laco, Giuseppe"]
[Black "Litrico, Paolo"]
[WhiteElo "2085"]
[BlackElo "1976"]
[Result "1-0"]
[PlyCount "125"]
[EventDate "2012.09.01"]

1. c4 e6 2. f4 d5 3. g3 Nf6 4. Bg2 Be7 5. Nf3 O-O 6. b3 c5 7. Bb2 Nc6 8. Ne5
Bd7 9. O-O a6 10. e3 Qc7 11. d3 Rad8 12. Qe2 Bc8 13. Nd2 Nd7 14. Ndf3 f6 15.
Nxc6 Qxc6 16. d4 b6 17. Rac1 Qa8 18. cxd5 exd5 19. f5 a5 20. Nh4 Rfe8 21. Qf3
Nf8 22. Rfd1 Bb7 23. g4 Rd7 24. Bf1 Ba6 25. Ng2 Bxf1 26. Qxf1 Bd6 27. Qf3 Kh8
28. h4 Qd8 29. Kf2 Qe7 30. dxc5 Bxc5 31. g5 Ba3 32. gxf6 gxf6 33. Bxa3 Qxa3 34.
Rc2 Qd6 35. Rcd2 Qa3 36. Nf4 Re4 37. Rg1 Qb4 38. Rd3 Ree7 39. Rg4 d4 40. e4 Rc7
41. Qg2 Rg7 42. Ne2 Rxg4 43. Qxg4 Rg7 44. Qf4 Nd7 45. Rxd4 Qc5 46. Qd6 Qc8 47.
Qe6 Qc5 48. Qe8+ Nf8 49. Kf3 Qe7 50. Rd8 Kg8 51. Nf4 Qxe8 52. Rxe8 Kf7 53.
Rxf8+ Kxf8 54. Ne6+ Kf7 55. Nxg7 Kxg7 56. a4 Kf7 57. Kf4 Ke7 58. e5 Kf7 59. e6+
Ke7 60. Ke4 Kd6 61. h5 h6 62. Kd4 Kc6 63. Kc4 1-0

[Event "XIV Festival A"]
[Site "Trieste ITA"]
[Date "2012.09.05"]
[Round "6"]
[White "Manca, Federico"]
[Black "Rombaldoni, Axel"]
[WhiteElo "2421"]
[BlackElo "2458"]
[Result "1-0"]
[PlyCount "99"]
[EventDate "2012.09.01"]

1. e4 e6 2. d4 d5 3. Nc3 Nf6 4. Bg5 Be7 5. e5 Nfd7 6. h4 h6 7. Be3 c5 8. Qg4 g6
9. Nf3 cxd4 10. Bxd4 Nc6 11. O-O-O a6 12. Qf4 Qc7 13. Re1 b5 14. Bd3 Nxd4 15.
Nxd4 Nc5 16. Kb1 b4 17. Nce2 Bd7 18. Nc1 Na4 19. Re3 Qb6 20. Ncb3 a5 21. Rf3
Rh7 22. Qe3 h5 23. Rf4 Nc5 24. Nf3 a4 25. Nxc5 Bxc5 26. Qe2 Rg7 27. Ng5 Ke7 28.
Qf3 Be8 29. Rf6 a3 30. Rxe6+ fxe6 31. Qf6+ Kd7 32. Qxg7+ Be7 33. Rd1 b3 34.
cxb3 axb2 35. Ne4 Kd8 36. Nd6 Qb4 37. Qh8 Bxd6 38. exd6 Qxd6 39. Qxb2 Qf4 40.
g3 Qf3 41. Qd2 Rc8 42. Rc1 Rxc1+ 43. Kxc1 Ke7 44. Qe3 Qf6 45. Qg5 Qxg5+ 46.
hxg5 e5 47. f3 d4 48. Kd2 Kd6 49. b4 Kd5 50. a4 1-0

[Event "XIV Festival A"]
[Site "Trieste ITA"]
[Date "2012.09.05"]
[Round "6"]
[White "Matijevic, Filip"]
[Black "Pregarac, Valter"]
[WhiteElo "2132"]
[BlackElo "2181"]
[Result "1/2-1/2"]
[PlyCount "61"]
[EventDate "2012.09.01"]

1. e4 e6 2. d4 d5 3. Nc3 Be7 4. Nf3 Nf6 5. e5 Ne4 6. Bd3 Nxc3 7. bxc3 c5 8. O-O
Nc6 9. dxc5 Bxc5 10. Re1 h6 11. a4 Bd7 12. Bb5 Na5 13. Bd3 Rc8 14. Nd4 a6 15.
Qg4 g6 16. Re3 Qe7 17. Rh3 h5 18. Qg3 Qf8 19. Nf3 Kd8 20. Ng5 Qg7 21. Be2 Nc6
22. Rb1 Rc7 23. Rxh5 Rxh5 24. Bxh5 Nxe5 25. Qxe5 Qxe5 26. Nxf7+ Ke8 27. Nxe5
gxh5 28. Nxd7 Kxd7 29. Bf4 Bd6 30. Bxd6 Kxd6 31. Rb6+ 1/2-1/2

[Event "XIV Festival A"]
[Site "Trieste ITA"]
[Date "2012.09.05"]
[Round "6"]
[White "Militello, Michele"]
[Black "Vesce, Emanuele"]
[WhiteElo "1798"]
[BlackElo "1903"]
[Result "1/2-1/2"]
[PlyCount "119"]
[EventDate "2012.09.01"]

1. d4 Nf6 2. Nf3 g6 3. c4 Bg7 4. Nc3 d5 5. Bg5 Ne4 6. cxd5 Nxg5 7. Nxg5 e6 8.
Nf3 exd5 9. e3 O-O 10. b4 a5 11. b5 c5 12. bxc6 bxc6 13. Rc1 Re8 14. Be2 Nd7
15. Na4 Qf6 16. O-O Ba6 17. Bxa6 Rxa6 18. Qd3 Ra7 19. Rc2 Rc8 20. Rfc1 Qd6 21.
Qd1 Rac7 22. Nc5 Bf8 23. Nxd7 Qxd7 24. Ne5 Qe6 25. Nd3 h5 26. Nc5 Qf6 27. Qf3
Qd6 28. g3 Qd8 29. Qe2 Qd6 30. Qa6 h4 31. gxh4 Qd8 32. Qf1 Qxh4 33. Qg2 Qf6 34.
Qg4 Qd6 35. Na6 f5 36. Qg3 Qxg3+ 37. hxg3 Ba3 38. Nxc7 Bxc1 39. Nxd5 Rb8 40.
Rxc1 cxd5 41. Rc5 a4 42. Rxd5 Rb2 43. Rd7 Rxa2 44. Ra7 a3 45. Kg2 Ra1 46. Kf3
g5 47. g4 a2 48. gxf5 g4+ 49. Kf4 g3 50. Kf3 gxf2 51. Kxf2 Rh1 52. Kf3 a1=Q 53.
Rxa1 Rxa1 54. Kf4 Kf7 55. Ke5 Ra6 56. d5 Ke7 57. e4 Rb6 58. Kf4 Rb4 59. Ke5 Rb6
60. Kf4 1/2-1/2

[Event "XIV Festival A"]
[Site "Trieste ITA"]
[Date "2012.09.05"]
[Round "6"]
[White "Mocchi, Tullio"]
[Black "Tonel, Giulia"]
[WhiteElo "2259"]
[BlackElo "1975"]
[Result "1-0"]
[PlyCount "113"]
[EventDate "2012.09.01"]

1. e4 d6 2. d4 Nf6 3. Nc3 g6 4. h3 Bg7 5. Nge2 c6 6. a4 O-O 7. g3 b6 8. Bg2
Nbd7 9. O-O Bb7 10. f4 e5 11. dxe5 dxe5 12. f5 Qe7 13. g4 Ne8 14. g5 f6 15. h4
Rd8 16. Qe1 Nd6 17. Ng3 Bc8 18. b3 Nc5 19. Bh3 Ncb7 20. Qe3 gxf5 21. Bxf5 Nxf5
22. Nxf5 Bxf5 23. Rxf5 Nd6 24. Rf2 f5 25. Ba3 c5 26. Raf1 f4 27. Qh3 Nc8 28.
Nd5 Qd7 29. Qf3 Ne7 30. Rd1 Qe6 31. Rfd2 Ng6 32. Rh2 Ne7 33. c4 Nc6 34. Bb2 Kh8
35. Rg2 Nd4 36. Bxd4 exd4 37. h5 Be5 38. Kf1 a6 39. g6 Rg8 40. Ke2 b5 41. axb5
axb5 42. cxb5 Ra8 43. Rg5 Ra3 44. Rd3 Ra2+ 45. Rd2 Ra3 46. Rc2 Bd6 47. Kf2 Rga8
48. Rg2 Ra1 49. Rg1 R8a2 50. Rxa1 Rxc2+ 51. Kf1 Qd7 52. Ra5 Kg7 53. b6 Bb8 54.
gxh7 Qd8 55. Qg4+ Kxh7 56. Qg6+ Kh8 57. Nf6 1-0

[Event "XIV Festival A"]
[Site "Trieste ITA"]
[Date "2012.09.05"]
[Round "6"]
[White "Movileanu, Daniela"]
[Black "Castelfranchi, Carlo"]
[WhiteElo "1993"]
[BlackElo "2073"]
[Result "1/2-1/2"]
[PlyCount "77"]
[EventDate "2012.09.01"]

1. e4 Nf6 2. e5 Nd5 3. d4 d6 4. Nf3 Bg4 5. Be2 e6 6. c4 Nb6 7. Nc3 Be7 8. Be3
O-O 9. O-O Nc6 10. b3 dxe5 11. Nxe5 Bxe2 12. Nxe2 Nxe5 13. dxe5 Nd7 14. f4 Bc5
15. Rf3 Qe7 16. Nc3 Rad8 17. Qc2 Bxe3+ 18. Rxe3 Qc5 19. Rae1 f5 20. Kh1 Qd4 21.
Nb5 Qb6 22. Qe2 a6 23. Nc3 Nc5 24. Rh3 g6 25. Rd1 Rxd1+ 26. Qxd1 Qc6 27. Re3
Rf7 28. Kg1 Rd7 29. Qc2 Rd4 30. Ne2 Rd8 31. b4 Ne4 32. Rd3 Rxd3 33. Qxd3 Qb6+
34. c5 Qxb4 35. Qd8+ Kg7 36. Qe7+ Kh6 37. Qh4+ Kg7 38. Qe7+ Kh6 39. Qh4+
1/2-1/2

[Event "XIV Festival A"]
[Site "Trieste ITA"]
[Date "2012.09.05"]
[Round "6"]
[White "Plenca, Jadranko"]
[Black "Granaldi, Alessandro"]
[WhiteElo "2049"]
[BlackElo "2105"]
[Result "1-0"]
[PlyCount "77"]
[EventDate "2012.09.01"]

1. e4 c5 2. Nf3 e6 3. c3 Nf6 4. e5 Nd5 5. Bc4 b6 6. O-O Ba6 7. Bxa6 Nxa6 8. d4
cxd4 9. Nxd4 Nc5 10. c4 Nb4 11. Qe2 Nc6 12. Rd1 Qh4 13. Nb5 Rc8 14. N1c3 a6 15.
g3 Qh3 16. Nd6+ Bxd6 17. Rxd6 O-O 18. Be3 Nxe5 19. b4 Nb7 20. Rxb6 Rxc4 21. Bd2
Rh4 22. Qxe5 Qxh2+ 23. Kf1 f6 24. Qe3 Rh5 25. Qe1 Qh1+ 26. Ke2 Re5+ 27. Be3
Qh5+ 28. f3 d5 29. Rd1 Nd8 30. Rd4 Rxe3+ 31. Kxe3 Qe5+ 32. Ne4 dxe4 33. Rxe4
Qc7 34. Rxa6 f5 35. Rh4 Nc6 36. Rc4 Qe5+ 37. Kf2 Nxb4 38. Qxb4 Rb8 39. Rb6 1-0